000 00685nam a2200205Ii 4500
003 JO-AjNU
008 230605s9999||||xx |||||||||||||| ||und||
040 _aJO-AjNU
_bara
_erda
_cJO-AjNU
041 _aara
050 1 4 _aPJ6064.I262.Q2236 1981
100 3 _aتأليف قبادة،فخر الدين,
_eauthor
_99286
245 0 0 _aابن عصفور والتصريف
250 _aط2
264 3 1 _aبيروت: دار الافاق الجديدة، 1981
300 _a299ص
336 _atext
_btxt
_2rdacontent
337 _aunmediated
_bn
_2rdamedia
338 _avolume
_bnc
_2rdacarrier
650 4 _aالتصريف-اللغة العربية-ابن عصفور والتصريف
_99287
999 _aA1220
_c4788
_d4788